0702-阿武隈急行の駅 - Statistics

General Stats
  • This quiz has been taken 116 times
  • The average score is 15 of 24
Answer Stats
阿武隈急行線 % Correct
福島
98%
槻木
94%
梁川
83%
あぶくま
81%
丸森
80%
角田
74%
やながわ希望の森公園前
66%
保原
64%
64%
福島学院前
61%
卸町
60%
北丸森
59%
南角田
59%
東船岡
59%
瀬上
58%
向瀬上
55%
54%
上保原
51%
富野
49%
高子
43%
横倉
43%
新田
38%
大泉
34%
二井田
34%
No matching quizzes found
Score Distribution
Percent of People with Each Score
Percentile by Number Answered
Your Score History
You have not taken this quiz